[Event "NatWest Young Masters 4th"]
[Site "London"]
[Date "1987.10.03"]
[Round "1"]
[White "Adams, Michael"]
[Black "Arkell, Keith C"]
[Result "1/2-1/2"]
[WhiteElo "2360"]
[BlackElo "2400"]
[PlyCount "98"]
[EventDate "1987.10.03"]
[EventType "tourn"]
[EventRounds "9"]
[EventCountry "ENG"]
[EventCategory "3"]
[SourceTitle "BritBase"]
[Source "John Saunders"]
[SourceDate "2022.12.30"]
[SourceVersion "1"]
[SourceVersionDate "2022.12.30"]
[SourceQuality "1"]

1. e4 c6 2. d4 d5 3. Nd2 dxe4 4. Nxe4 Nd7 5. Bc4 Ngf6 6. Ng5 e6 7. Qe2 Nb6 8.
Bb3 a5 9. a3 a4 10. Ba2 h6 11. N5f3 c5 12. Bf4 Nbd5 13. Be5 Qa5+ 14. Qd2 Qxd2+
15. Nxd2 Ng4 16. Ngf3 Nxe5 17. dxe5 b6 18. c4 Ne7 19. O-O-O Bb7 20. Bb1 Nc6 21.
Bc2 Be7 22. Ne4 Nb8 23. Nd6+ Bxd6 24. Rxd6 Nd7 25. Rhd1 Bxf3 26. gxf3 Nxe5 27.
Bxa4+ Ke7 28. Bb5 Rab8 29. f4 Nf3 30. Rd7+ Kf6 31. f5 Nxh2 32. fxe6 fxe6 33.
Bc6 Ng4 34. f4 Ne3 35. Rg1 g5 36. fxg5+ hxg5 37. Re1 Nf5 38. Be4 Rbd8 39. Rb7
Rd6 40. b4 Rh3 41. bxc5 bxc5 42. Rc7 Rxa3 43. Rxc5 g4 44. Kb2 Rh3 45. Rf1 Rh5
46. Rc8 Rd2+ 47. Kc3 Re2 48. Rf8+ Ke7 49. Bxf5 exf5 {Source: BCM, December
1987, p521} 1/2-1/2

[Event "NatWest Young Masters 4th"]
[Site "London"]
[Date "1987.10.03"]
[Round "1"]
[White "Whiteley, Andrew J"]
[Black "Martin, Andrew D"]
[Result "1/2-1/2"]
[WhiteElo "2380"]
[BlackElo "2375"]
[PlyCount "73"]
[EventDate "1987.10.03"]
[EventType "tourn"]
[EventRounds "9"]
[EventCountry "ENG"]
[EventCategory "3"]
[SourceTitle "BritBase"]
[Source "John Saunders"]
[SourceDate "2022.12.30"]
[SourceVersion "1"]
[SourceVersionDate "2022.12.30"]
[SourceQuality "1"]

1. d4 Nf6 2. Nf3 c5 3. g3 e6 4. Bg2 Nc6 5. O-O d5 6. c4 Be7 7. cxd5 exd5 8. Nc3
O-O 9. dxc5 d4 10. Na4 Bf5 11. Bf4 Be4 12. Rc1 Qd5 13. a3 Rad8 14. b4 Rfe8 15.
b5 Na5 16. Bc7 Nb3 17. Bxd8 Rxd8 18. Rc2 Bxc2 19. Qxc2 Nxc5 20. Nxc5 Qxc5 21.
Qxc5 Bxc5 22. Ne5 Re8 23. Nd3 Bd6 24. Bf3 g5 25. h3 h5 26. g4 hxg4 27. hxg4 Ne4
28. Ra1 Nc3 29. a4 Nxe2+ 30. Kf1 Nc3 31. Bxb7 Re2 32. a5 Rd2 33. b6 axb6 34. a6
Nb5 35. Rb1 Rxd3 36. Rxb5 Ra3 37. Rxb6 1/2-1/2

[Event "NatWest Young Masters 4th"]
[Site "London"]
[Date "1987.10.04"]
[Round "2"]
[White "Adams, Michael"]
[Black "Lane, Gary William"]
[Result "1/2-1/2"]
[WhiteElo "2360"]
[BlackElo "2285"]
[PlyCount "84"]
[EventDate "1987.10.03"]
[EventType "tourn"]
[EventRounds "9"]
[EventCountry "ENG"]
[EventCategory "3"]
[SourceTitle "BritBase"]
[Source "John Saunders"]
[SourceDate "2022.12.30"]
[SourceVersion "1"]
[SourceVersionDate "2022.12.30"]
[SourceQuality "1"]

1. e4 e5 2. Nf3 Nc6 3. Bb5 g6 4. d4 exd4 5. Nxd4 Bg7 6. Be3 Nge7 7. Nc3 O-O 8.
O-O d6 9. Qd2 a6 10. Be2 Nxd4 11. Bxd4 Bxd4 12. Qxd4 Be6 13. Rad1 f6 14. f4 Qe8
15. Bf3 Rd8 16. Rfe1 c5 17. Qf2 b6 18. Rd2 Nc6 19. g3 Nd4 20. Bg2 Qf7 21. Nd5
Bxd5 22. exd5 Rfe8 23. c3 Rxe1+ 24. Qxe1 Re8 25. Qf2 Nb5 26. Bf3 Nc7 27. b4 Nb5
28. Rc2 a5 29. bxa5 bxa5 30. a4 Nc7 31. Rb2 Nxd5 32. Qd2 Ne3 33. Qxd6 Qc4 34.
Re2 Qxc3 35. Kf2 Qd4 36. Qxd4 cxd4 37. Rb2 Rc8 38. Be2 Nd5 39. Rd2 Nc3 40. Rxd4
Nxe2 41. Kxe2 Rc2+ 42. Kf3 Ra2 {Source: BCM, December 1987, p521} 1/2-1/2

[Event "NatWest Young Masters 4th"]
[Site "London"]
[Date "1987.10.04"]
[Round "2"]
[White "Arkell, Keith C"]
[Black "Mannion, Stephen R"]
[Result "1-0"]
[WhiteElo "2400"]
[BlackElo "2280"]
[PlyCount "75"]
[EventDate "1987.10.03"]
[EventType "tourn"]
[EventRounds "9"]
[EventCountry "ENG"]
[EventCategory "3"]
[SourceTitle "BritBase"]
[Source "John Saunders"]
[SourceDate "2022.12.30"]
[SourceVersion "1"]
[SourceVersionDate "2022.12.30"]
[SourceQuality "1"]

1. Nf3 Nf6 2. d4 d5 3. Bg5 Nbd7 4. e3 e6 5. c4 Be7 6. cxd5 exd5 7. Nc3 O-O 8.
Bd3 Re8 9. Qc2 c6 10. O-O Nf8 11. Rab1 Ne4 12. Bxe4 Bxg5 13. Bf5 Bf6 14. b4 g6
15. Bxc8 Rxc8 16. Qb3 a6 17. a4 Ne6 18. Rfd1 Bg7 19. Rbc1 f5 20. g3 Qd7 21. Ne2
Nd8 22. b5 axb5 23. axb5 Nf7 24. bxc6 bxc6 25. Nf4 Nd6 26. Nd3 Nc4 27. Nd2 Nd6
28. Rc2 Ne4 29. Nf3 Qe6 30. Rdc1 Rc7 31. Nf4 Qf7 32. Rxc6 Rxc6 33. Rxc6 Ra8 34.
Nxd5 Kh8 35. Rc7 Qg8 36. Rb7 g5 37. Ne7 Qxb3 38. Rxb3 1-0

[Event "NatWest Young Masters 4th"]
[Site "London"]
[Date "1987.10.04"]
[Round "2"]
[White "Fatin, Tarek"]
[Black "Whiteley, Andrew J"]
[Result "1-0"]
[WhiteElo "2305"]
[BlackElo "2380"]
[PlyCount "133"]
[EventDate "1987.10.03"]
[EventType "tourn"]
[EventRounds "9"]
[EventCountry "ENG"]
[EventCategory "3"]
[SourceTitle "BritBase"]
[Source "John Saunders"]
[SourceDate "2022.12.30"]
[SourceVersion "1"]
[SourceVersionDate "2022.12.30"]
[SourceQuality "1"]

1. c4 Nf6 2. g3 g6 3. Bg2 Bg7 4. Nc3 O-O 5. Nf3 d5 6. cxd5 Nxd5 7. O-O Nb6 8.
d3 Nc6 9. Be3 h6 10. Qc1 Kh7 11. Rb1 e5 12. Bc5 Re8 13. Rd1 Nd4 14. e3 Ne6 15.
d4 exd4 16. exd4 c6 17. Ne5 Qc7 18. b4 Nxd4 19. Nxf7 Qxf7 20. Bxd4 Bf5 21. Bxg7
Qxg7 22. Rb2 Nc4 23. Re2 Ne5 24. Re3 Rad8 25. Rxd8 Rxd8 26. b5 Nc4 27. Re1 Rd3
28. bxc6 Rxc3 29. Qxc3 Qxc3 30. Re7+ Kg8 31. cxb7 Kf8 32. Rc7 Qe1+ 33. Bf1 Qe8
34. Bxc4 Qe1+ 35. Bf1 Qe8 36. Rc8 Qxc8 37. bxc8=Q+ Bxc8 38. h4 g5 39. hxg5 hxg5
40. f3 Ke7 41. Kf2 Kd6 42. Ke3 Ke5 43. Bc4 Bb7 44. a3 Bc6 45. Bb3 Bb7 46. Bc2
Bc6 47. f4+ gxf4+ 48. gxf4+ Kd6 49. Kd4 Bb7 50. Bb3 Bc6 51. Bc4 Bb7 52. f5 Bc6
53. f6 Bb7 54. a4 Bc6 55. a5 Bb7 56. Ke3 Bc6 57. Kf4 Be8 58. Bb3 Kc5 59. Kg5
Kb4 60. Bd1 Bf7 61. a6 Bc4 62. Kh6 Ka5 63. Kg7 Kb6 64. Bh5 Kxa6 65. Bf7 Bb5 66.
Be6 Be8 67. Bf5 1-0

[Event "NatWest Young Masters 4th"]
[Site "London"]
[Date "1987.10.05"]
[Round "3"]
[White "Jacobs, Byron A"]
[Black "Adams, Michael"]
[Result "0-1"]
[WhiteElo "2390"]
[BlackElo "2360"]
[PlyCount "96"]
[EventDate "1987.10.03"]
[EventType "tourn"]
[EventRounds "9"]
[EventCountry "ENG"]
[EventCategory "3"]
[SourceTitle "BritBase"]
[Source "John Saunders"]
[SourceDate "2022.12.30"]
[SourceVersion "1"]
[SourceVersionDate "2022.12.30"]
[SourceQuality "1"]

1. e4 c6 2. d4 d5 3. exd5 cxd5 4. c4 Nf6 5. Nc3 e6 6. Nf3 Be7 7. cxd5 Nxd5 8.
Bd3 Nc6 9. O-O O-O 10. a3 Nf6 11. Bc2 b6 12. Qd3 a5 13. Ne4 g6 14. Rd1 Ba6 15.
Qe3 Re8 16. Ne5 Nd5 17. Qh6 Qc7 18. Nxc6 Qxc6 19. Bb3 Bc4 20. Bxc4 Qxc4 21. Bg5
Bf8 22. Qh4 Rac8 23. Bf6 Qc7 24. Be5 Qd8 25. Qg3 f6 26. Bd6 Rc6 27. Bxf8 Rxf8
28. Rac1 Qd7 29. Rxc6 Qxc6 30. Re1 Kg7 31. h4 Rd8 32. Qf3 Qc4 33. Nc3 Kf7 34.
Qe4 Ne7 35. Qb7 Qc6 36. Qxc6 Nxc6 37. Na4 b5 38. Nc5 Nxd4 39. Nb7 Ra8 40. Rd1
e5 41. f4 Ke6 42. fxe5 fxe5 43. b4 axb4 44. axb4 Kd5 45. Rf1 e4 46. Rf7 e3 47.
Rd7+ Kc4 48. Na5+ Kc3 0-1

[Event "NatWest Young Masters 4th"]
[Site "London"]
[Date "1987.10.05"]
[Round "3"]
[White "Lane, Gary William"]
[Black "Arkell, Keith C"]
[Result "1/2-1/2"]
[WhiteElo "2285"]
[BlackElo "2400"]
[PlyCount "116"]
[EventDate "1987.10.03"]
[EventType "tourn"]
[EventRounds "9"]
[EventCountry "ENG"]
[EventCategory "3"]
[SourceTitle "BritBase"]
[Source "John Saunders"]
[SourceDate "2022.12.30"]
[SourceVersion "1"]
[SourceVersionDate "2022.12.30"]
[SourceQuality "1"]

1. e4 c6 2. d4 d5 3. Nd2 dxe4 4. Nxe4 Bf5 5. Nc5 e5 6. Nxb7 Qxd4 7. Qxd4 exd4
8. Bd3 Bxd3 9. cxd3 Nd7 10. Bf4 Ngf6 11. Nf3 Nd5 12. Nd6+ Bxd6 13. Bxd6 O-O-O
14. O-O N7b6 15. Be5 f6 16. Bxd4 Nf4 17. Rfe1 Rhe8 18. Rxe8 Rxe8 19. Rd1 Rd8
20. Kf1 Kb7 21. g3 Ne6 22. Bc3 Nc5 23. Ke2 Nd5 24. Nd4 Rb8 25. Kd2 Kc7 26. Kc2
Kd7 27. Re1 h5 28. b3 g5 29. h3 Rg8 30. Nf5 h4 31. gxh4 gxh4 32. Ne3 Rg6 33.
Nxd5 cxd5 34. Bd4 Ne6 35. Bxa7 Rg2 36. Kc3 Rh2 37. Re3 Ng5 38. Bd4 Nxh3 39.
Bxf6 Nxf2 40. Re7+ Kc6 41. Rh7 Nd1+ 42. Kd4 Rxa2 43. Rxh4 Rb2 44. Rh1 Nf2 45.
Rc1+ Kd6 46. Be5+ Ke6 47. Rc6+ Ke7 48. Kxd5 Rxb3 49. Rc7+ Kd8 50. d4 Ng4 51.
Bd6 Nf6+ 52. Ke6 Ne4 53. Be5 Rb6+ 54. Kd5 Nf6+ 55. Kc5 Re6 56. Ra7 Nd7+ 57. Kd5
Rg6 58. Bd6 Nb6+ 1/2-1/2

[Event "NatWest Young Masters 4th"]
[Site "London"]
[Date "1987.10.05"]
[Round "3"]
[White "Mannion, Stephen R"]
[Black "Martin, Andrew D"]
[Result "1/2-1/2"]
[WhiteElo "2280"]
[BlackElo "2375"]
[PlyCount "81"]
[EventDate "1987.10.03"]
[EventType "tourn"]
[EventRounds "9"]
[EventCountry "ENG"]
[EventCategory "3"]
[SourceTitle "BritBase"]
[Source "John Saunders"]
[SourceDate "2022.12.30"]
[SourceVersion "1"]
[SourceVersionDate "2022.12.30"]
[SourceQuality "1"]

1. e4 c6 2. d4 g6 3. Nf3 Bg7 4. Nc3 d5 5. e5 Bg4 6. Be2 e6 7. Ng5 Bxe2 8. Nxe2
c5 9. c3 Nc6 10. O-O Nge7 11. b4 cxb4 12. cxb4 Qb6 13. Rb1 O-O 14. b5 Na5 15.
Ba3 Qd8 16. Nc3 Nc4 17. Bc5 Qd7 18. a4 f6 19. exf6 Bxf6 20. Nf3 Rf7 21. Re1 Nf5
22. Ne2 Rc8 23. Nf4 Ng7 24. Nd3 b6 25. Bb4 Nf5 26. Nf4 Re8 27. Bc3 Nfd6 28. Nd3
Ne4 29. Bb4 g5 30. Rc1 g4 31. Nfe5 Bxe5 32. dxe5 Rg7 33. f3 gxf3 34. Qxf3 Ng5
35. Qh5 Qf7 36. Qxf7+ Nxf7 37. Bc3 Ng5 38. Kh1 Rf8 39. Rf1 Rgf7 40. Kg1 Ne4 41.
Bd4 1/2-1/2

[Event "NatWest Young Masters 4th"]
[Site "London"]
[Date "1987.10.05"]
[Round "3"]
[White "Vlahos, Kiriakos"]
[Black "Fatin, Tarek"]
[Result "1-0"]
[WhiteElo "2275"]
[BlackElo "2305"]
[PlyCount "83"]
[EventDate "1987.10.03"]
[EventType "tourn"]
[EventRounds "9"]
[EventCountry "ENG"]
[EventCategory "3"]
[SourceTitle "BritBase"]
[Source "John Saunders"]
[SourceDate "2022.12.30"]
[SourceVersion "1"]
[SourceVersionDate "2022.12.30"]
[SourceQuality "1"]

1. c4 e5 2. Nc3 Nc6 3. Nf3 g6 4. d4 exd4 5. Nxd4 Bg7 6. Nxc6 bxc6 7. g3 Ne7 8.
Bg2 O-O 9. O-O h6 10. Qc2 Nf5 11. e3 Qe7 12. Bd2 Rb8 13. Rfd1 Re8 14. b3 h5 15.
Rac1 Be5 16. Ne2 c5 17. Bc3 d6 18. Nf4 Bxf4 19. exf4 Bb7 20. Bxb7 Rxb7 21. Re1
Qd7 22. Rxe8+ Qxe8 23. Re1 Qc6 24. Re4 Rb8 25. Qe2 Kf8 26. f3 Re8 27. Kf2 Rxe4
28. fxe4 Nd4 29. Qd3 Qa6 30. Qd2 Ke8 31. Ke3 Ne6 32. f5 Nf8 33. h3 gxf5 34.
exf5 Qc6 35. Kf4 Nd7 36. Kg5 Ne5 37. Bxe5 dxe5 38. Qd5 f6+ 39. Kxh5 Qxd5 40.
cxd5 Kf7 41. Kg4 a5 42. Kf3 1-0

[Event "NatWest Young Masters 4th"]
[Site "London"]
[Date "1987.10.06"]
[Round "4"]
[White "Adams, Michael"]
[Black "Whiteley, Andrew J"]
[Result "1-0"]
[WhiteElo "2360"]
[BlackElo "2380"]
[PlyCount "67"]
[EventDate "1987.10.03"]
[EventType "tourn"]
[EventRounds "9"]
[EventCountry "ENG"]
[EventCategory "3"]
[SourceTitle "BritBase"]
[Source "John Saunders"]
[SourceDate "2022.12.30"]
[SourceVersion "1"]
[SourceVersionDate "2022.12.30"]
[SourceQuality "1"]

1. e4 e6 2. d4 d5 3. Nd2 Nf6 4. e5 Nfd7 5. c3 c5 6. f4 cxd4 7. cxd4 Nc6 8. Ndf3
h5 9. Bd3 Nb6 10. Ne2 Bd7 11. O-O Be7 12. Nc3 g6 13. Qe2 Kf8 14. Be3 Kg7 15.
Bf2 a5 16. Rad1 a4 17. a3 Na5 18. Nd2 Rc8 19. Rc1 Nbc4 20. Nxc4 Nxc4 21. Rc2
Nxb2 22. Rxb2 Rxc3 23. Rxb7 Bc6 24. Ra7 Bxa3 25. Be1 Rc1 26. Bxg6 Kxg6 27. Qd3+
Kg7 28. Qg3+ Kh6 29. Qxa3 Rb1 30. Rxf7 Bb5 31. f5 exf5 32. Bd2+ Kg6 33. Rxb1
Kxf7 34. Rxb5 1-0

[Event "NatWest Young Masters 4th"]
[Site "London"]
[Date "1987.10.06"]
[Round "4"]
[White "Arkell, Keith C"]
[Black "Martin, Andrew D"]
[Result "1/2-1/2"]
[WhiteElo "2400"]
[BlackElo "2340"]
[PlyCount "43"]
[EventDate "1987.10.03"]
[EventType "tourn"]
[EventRounds "9"]
[EventCountry "ENG"]
[EventCategory "3"]
[SourceTitle "BritBase"]
[Source "John Saunders"]
[SourceDate "2022.12.30"]
[SourceVersion "1"]
[SourceVersionDate "2022.12.30"]
[SourceQuality "1"]

1. Nf3 c5 2. c4 g6 3. Nc3 Bg7 4. g3 Nc6 5. Bg2 e6 6. e3 d5 7. cxd5 exd5 8. d4
cxd4 9. Nxd4 Nge7 10. O-O O-O 11. Nde2 Bf5 12. Nxd5 Nxd5 13. Qxd5 Bd3 14. Re1
Nb4 15. Qxb7 Rb8 16. Qxa7 Nc2 17. Rd1 Bxe2 18. Rxd8 Rbxd8 19. Bd2 Nxa1 20. Qa5
Bxb2 21. Bd5 Nc2 22. e4 1/2-1/2

[Event "NatWest Young Masters 4th"]
[Site "London"]
[Date "1987.10.06"]
[Round "4"]
[White "Fatin, Tarek"]
[Black "Mannion, Stephen R"]
[Result "1-0"]
[WhiteElo "2305"]
[BlackElo "2280"]
[PlyCount "75"]
[EventDate "1987.10.03"]
[EventType "tourn"]
[EventRounds "9"]
[EventCountry "ENG"]
[EventCategory "3"]
[SourceTitle "BritBase"]
[Source "John Saunders"]
[SourceDate "2022.12.30"]
[SourceVersion "1"]
[SourceVersionDate "2022.12.30"]
[SourceQuality "1"]

1. c4 Nf6 2. g3 c6 3. Nf3 d5 4. b3 Bf5 5. Bg2 h6 6. O-O e6 7. Bb2 Be7 8. d3 O-O
9. Nbd2 Bh7 10. a3 a5 11. Qc2 Nbd7 12. Rfe1 Re8 13. e4 dxe4 14. dxe4 Nc5 15.
Bf1 Rc8 16. Bc3 Na6 17. Qb2 Nc5 18. Qc2 Na6 19. Bd4 Bc5 20. Bxc5 Nxc5 21. b4
Na6 22. c5 axb4 23. axb4 Nxb4 24. Qc3 Na6 25. Bxa6 bxa6 26. Ne5 Qc7 27. Rxa6
Qb7 28. Rb6 Qa8 29. Ra1 Nxe4 30. Nxe4 Bxe4 31. Rxa8 Rxa8 32. f3 Bd5 33. Nxc6
Kh8 34. Nb4 Rac8 35. c6 Rc7 36. Qe5 Rcc8 37. Nxd5 exd5 38. Qxe8+ 1-0

[Event "NatWest Young Masters 4th"]
[Site "London"]
[Date "1987.10.06"]
[Round "4"]
[White "Lane, Gary William"]
[Black "Jacobs, Byron A"]
[Result "1-0"]
[WhiteElo "2285"]
[BlackElo "2390"]
[PlyCount "71"]
[EventDate "1987.10.03"]
[EventType "tourn"]
[EventRounds "9"]
[EventCountry "ENG"]
[EventCategory "3"]
[SourceTitle "BritBase"]
[Source "John Saunders"]
[SourceDate "2022.12.30"]
[SourceVersion "1"]
[SourceVersionDate "2022.12.30"]
[SourceQuality "1"]

1. e4 e5 2. Nf3 Nc6 3. Bc4 Nf6 4. d3 Be7 5. O-O d6 6. c3 O-O 7. Bb3 Kh8 8. Re1
Ng8 9. Nbd2 f5 10. exf5 Bxf5 11. d4 exd4 12. cxd4 d5 13. h3 Bb4 14. Re3 Nh6 15.
Ba4 Qf6 16. Bxc6 bxc6 17. Ne5 c5 18. Ndf3 cxd4 19. Qxd4 Qd6 20. Re2 Bc5 21. Qh4
Nf7 22. Bf4 Nxe5 23. Nxe5 Qb6 24. Rd1 d4 25. g4 Bc8 26. Nd3 Ba6 27. Be5 Qg6 28.
Red2 Bb6 29. Nf4 Qe4 30. Qe7 Qxe5 31. Qxe5 Rae8 32. Qg5 c5 33. Nh5 Rf7 34. Qd5
Ref8 35. Re1 h6 36. Re8 1-0

[Event "NatWest Young Masters 4th"]
[Site "London"]
[Date "1987.10.07"]
[Round "5"]
[White "Jacobs, Byron A"]
[Black "Arkell, Keith C"]
[Result "0-1"]
[WhiteElo "2390"]
[BlackElo "2400"]
[PlyCount "74"]
[EventDate "1987.10.03"]
[EventType "tourn"]
[EventRounds "9"]
[EventCountry "ENG"]
[EventCategory "3"]
[SourceTitle "BritBase"]
[Source "John Saunders"]
[SourceDate "2022.12.30"]
[SourceVersion "1"]
[SourceVersionDate "2022.12.30"]
[SourceQuality "1"]

1. e4 c6 2. d4 d5 3. exd5 cxd5 4. c4 Nf6 5. Nc3 g6 6. Qb3 Bg7 7. cxd5 O-O 8.
Be2 Nbd7 9. Bf3 Nb6 10. Bg5 Bg4 11. Bxf6 Bxf3 12. Nxf3 Bxf6 13. O-O Qd6 14.
Rfe1 Rfd8 15. Ne5 Rab8 16. Ne4 Qxd5 17. Nxf6+ exf6 18. Qxd5 Nxd5 19. Nf3 Rbc8
20. Re2 Re8 21. Rd2 Kf8 22. h3 Ke7 23. Kh2 Kd6 24. Kg3 a5 25. Rad1 b5 26. Nh2
f5 27. Kf3 Nf6 28. h4 g5 29. hxg5 Ne4 30. Kf4 Nxd2 31. Rxd2 Re1 32. Nf3 Rec1
33. Nh4 R8c2 34. Nxf5+ Kd7 35. Rd3 Rxf2+ 36. Ke5 Re1+ 37. Kd5 Rxf5# {Source:
BCM, December 1987, p520} 0-1

[Event "NatWest Young Masters 4th"]
[Site "London"]
[Date "1987.10.07"]
[Round "5"]
[White "Martin, Andrew D"]
[Black "Fatin, Tarek"]
[Result "1/2-1/2"]
[WhiteElo "2375"]
[BlackElo "2305"]
[PlyCount "79"]
[EventDate "1987.10.03"]
[EventType "tourn"]
[EventRounds "9"]
[EventCountry "ENG"]
[EventCategory "3"]
[SourceTitle "BritBase"]
[Source "John Saunders"]
[SourceDate "2022.12.30"]
[SourceVersion "1"]
[SourceVersionDate "2022.12.30"]
[SourceQuality "1"]

1. d4 d5 2. Nf3 Nf6 3. c4 c6 4. Nc3 dxc4 5. a4 Bg4 6. Ne5 Bh5 7. g3 e6 8. Bg2
Bb4 9. Nxc4 Nd5 10. Qd3 Na6 11. O-O O-O 12. h3 Be7 13. e4 Nab4 14. Qd2 Nb6 15.
b3 c5 16. d5 Bf6 17. Bb2 Re8 18. d6 Nxc4 19. bxc4 a6 20. e5 Bxe5 21. Ne4 Nd3
22. Bxe5 Nxe5 23. g4 Bg6 24. Nxc5 Nxc4 25. Qd4 Nxd6 26. Rfd1 Rc8 27. Nxb7 Nxb7
28. Bxb7 Qxd4 29. Rxd4 Rc3 30. Bxa6 Rxh3 31. Bb5 e5 32. Rc4 Rd8 33. a5 Rb3 34.
Bc6 Bd3 35. Rc5 Ba6 36. Rxe5 g6 37. Rae1 Kg7 38. Re7 Rd4 39. R1e4 Rxe4 40. Rxe4
1/2-1/2

[Event "NatWest Young Masters 4th"]
[Site "London"]
[Date "1987.10.07"]
[Round "5"]
[White "Vlahos, Kiriakos"]
[Black "Adams, Michael"]
[Result "0-1"]
[WhiteElo "2275"]
[BlackElo "2360"]
[PlyCount "83"]
[EventDate "1987.10.03"]
[EventType "tourn"]
[EventRounds "9"]
[EventCountry "ENG"]
[EventCategory "3"]
[SourceTitle "BritBase"]
[Source "John Saunders"]
[SourceDate "2022.12.30"]
[SourceVersion "1"]
[SourceVersionDate "2022.12.30"]
[SourceQuality "1"]

1. c4 e5 2. Nc3 Nf6 3. Nf3 Nc6 4. e3 Bb4 5. Qc2 O-O 6. Nd5 Re8 7. Qf5 d6 8.
Nxf6+ gxf6 9. Qh5 d5 10. Bd3 e4 11. cxd5 exd3 12. dxc6 bxc6 13. b3 Bf8 14. Bb2
Re4 15. h3 Rb8 16. Nd4 Qd5 17. Qxd5 cxd5 18. Nf3 Re6 19. O-O Ba6 20. Rfc1 Rb7
21. Nd4 Reb6 22. Nf3 Bb5 23. Bd4 Ba3 24. Bxb6 axb6 25. Nd4 Bxc1 26. Rxc1 Bd7
27. Rc3 c5 28. Nf3 Bb5 29. a4 Ba6 30. b4 Bc4 31. bxc5 bxc5 32. Kh2 Rb2 33. Kg3
Rc2 34. Kf4 Kf8 35. g4 h6 36. h4 Ke7 37. Kf5 Ba6 38. g5 fxg5 39. hxg5 h5 40.
Rb3 c4 41. Ra3 d4 42. exd4 0-1

[Event "NatWest Young Masters 4th"]
[Site "London"]
[Date "1987.10.07"]
[Round "5"]
[White "Whiteley, Andrew J"]
[Black "Lane, Gary William"]
[Result "0-1"]
[WhiteElo "2380"]
[BlackElo "2285"]
[PlyCount "122"]
[EventDate "1987.10.03"]
[EventType "tourn"]
[EventRounds "9"]
[EventCountry "ENG"]
[EventCategory "3"]
[SourceTitle "BritBase"]
[Source "John Saunders"]
[SourceDate "2022.12.30"]
[SourceVersion "1"]
[SourceVersionDate "2022.12.30"]
[SourceQuality "1"]

1. d4 Nf6 2. c4 g6 3. g3 Bg7 4. Bg2 O-O 5. Nf3 d6 6. O-O Nc6 7. Nc3 a6 8. h3
Rb8 9. e4 b5 10. cxb5 axb5 11. Re1 Nd7 12. d5 Na5 13. Nd4 b4 14. Ncb5 Ne5 15.
a4 c5 16. dxc6 Nexc6 17. Be3 Bd7 18. Nxc6 Bxc6 19. Nd4 Bd7 20. b3 e5 21. Ne2
Be6 22. Rb1 Qd7 23. Kh2 Rfd8 24. Rb2 f6 25. Nc1 Qf7 26. Ree2 f5 27. Red2 f4 28.
gxf4 exf4 29. Bd4 Bh6 30. f3 Nc6 31. Bf2 Bg7 32. Rb1 d5 33. Bh4 Rd6 34. Ne2 Bc3
35. Rd3 Ne5 36. Rxc3 bxc3 37. Nxc3 d4 38. Nb5 Rd7 39. Bg5 h6 40. Bh4 g5 41. Be1
h5 42. Bb4 g4 43. Rb2 Qg7 44. Be1 Kh8 45. Kh1 Rg8 46. Bf2 gxf3 47. Bf1 d3 48.
Nd4 Qg6 49. Qe1 Kh7 50. Qa5 Qf6 51. Rd2 Rc8 52. Rd1 Bf7 53. Bxd3 Nxd3 54. Rxd3
Rc1+ 55. Kh2 Rf1 56. Qd2 Qg6 57. Rxf3 Qxe4 58. Qxf4 Bg6 59. Nf5 Qxf4+ 60. Rxf4
Rf7 61. Kg2 Rb1 0-1

[Event "NatWest Young Masters 4th"]
[Site "London"]
[Date "1987.10.08"]
[Round "6"]
[White "Adams, Michael"]
[Black "Mannion, Stephen R"]
[Result "1-0"]
[WhiteElo "2360"]
[BlackElo "2280"]
[PlyCount "117"]
[EventDate "1987.10.03"]
[EventType "tourn"]
[EventRounds "9"]
[EventCountry "ENG"]
[EventCategory "3"]
[SourceTitle "BritBase"]
[Source "John Saunders"]
[SourceDate "2022.12.30"]
[SourceVersion "1"]
[SourceVersionDate "2022.12.30"]
[SourceQuality "1"]

1. e4 e5 2. Nf3 Nc6 3. Bb5 a6 4. Ba4 Nf6 5. O-O Be7 6. Re1 b5 7. Bb3 O-O 8. a4
Bb7 9. d3 d6 10. Nc3 Na5 11. Ba2 b4 12. Ne2 c5 13. Ng3 Bc8 14. Nd2 Be6 15. Nc4
Nxc4 16. Bxc4 Bxc4 17. dxc4 Rb8 18. Qd3 Ne8 19. Nf5 Bf6 20. Rd1 Rb6 21. Qg3 Kh8
22. Rd3 Nc7 23. Ne3 Ne6 24. Nd5 Rc6 25. Qg4 Bg5 26. Bxg5 Nxg5 27. Rad1 Ne6 28.
Rg3 g6 29. Rf3 Qg5 30. Qxg5 Nxg5 31. Re3 a5 32. h4 Ne6 33. g3 Kg7 34. f4 f6 35.
Kg2 Rb8 36. Rd2 Rb7 37. Rf2 Rf7 38. c3 Nd8 39. Ref3 Ra6 40. f5 gxf5 41. Rxf5
Ne6 42. Kh2 Nc7 43. Nxf6 Kh8 44. Nxh7 Rxf5 45. Rxf5 Kxh7 46. Rf7+ Kg6 47. Rxc7
bxc3 48. bxc3 Rb6 49. Rd7 Kf6 50. Kh3 Ke6 51. Rd8 Ke7 52. Ra8 Rb3 53. h5 Kf6
54. Rf8+ Kg7 55. Rf3 Ra3 56. Kh4 Kh6 57. g4 Ra1 58. Rf6+ Kh7 59. Kg5 1-0

[Event "NatWest Young Masters 4th"]
[Site "London"]
[Date "1987.10.08"]
[Round "6"]
[White "Jacobs, Byron A"]
[Black "Whiteley, Andrew J"]
[Result "1/2-1/2"]
[WhiteElo "2390"]
[BlackElo "2380"]
[PlyCount "54"]
[EventDate "1987.10.03"]
[EventType "tourn"]
[EventRounds "9"]
[EventCountry "ENG"]
[EventCategory "3"]
[SourceTitle "BritBase"]
[Source "John Saunders"]
[SourceDate "2022.12.30"]
[SourceVersion "1"]
[SourceVersionDate "2022.12.30"]
[SourceQuality "1"]

1. e4 e6 2. d4 d5 3. Nc3 Bb4 4. e5 c5 5. Nf3 cxd4 6. Qxd4 Nc6 7. Bb5 Qa5 8. Bd2
Bxc3 9. Bxc6+ bxc6 10. Bxc3 Qb5 11. Qg4 g6 12. Qf4 c5 13. Ng5 Qb7 14. O-O h6
15. Nf3 d4 16. Ba5 g5 17. Qg4 Qxb2 18. Nd2 Qb5 19. Bc7 Qc6 20. Bd6 Bb7 21. Rab1
Ne7 22. Bxc5 Qxc5 23. Rxb7 Qxe5 24. Rfb1 Nf5 25. Nf3 Qc5 26. h4 Nd6 27. R7b4
Rc8 1/2-1/2

[Event "NatWest Young Masters 4th"]
[Site "London"]
[Date "1987.10.08"]
[Round "6"]
[White "Lane, Gary William"]
[Black "Vlahos, Kiriakos"]
[Result "1-0"]
[WhiteElo "2285"]
[BlackElo "2275"]
[PlyCount "53"]
[EventDate "1987.10.03"]
[EventType "tourn"]
[EventRounds "9"]
[EventCountry "ENG"]
[EventCategory "3"]
[SourceTitle "BritBase"]
[Source "John Saunders"]
[SourceDate "2022.12.30"]
[SourceVersion "1"]
[SourceVersionDate "2022.12.30"]
[SourceQuality "1"]

1. e4 e5 2. Nf3 Nc6 3. Bc4 Bc5 4. c3 Nf6 5. d3 a6 6. O-O d6 7. Nbd2 O-O 8. Bb3
Be6 9. Re1 Ng4 10. Re2 Qd7 11. h3 Nf6 12. Nf1 Bxb3 13. Qxb3 Nh5 14. g4 Nf6 15.
Kg2 d5 16. Ng3 dxe4 17. dxe4 Qe6 18. Qc2 Rad8 19. b4 Be7 20. a4 Qc4 21. Qb2 b5
22. Re3 Ne8 23. axb5 Qxb5 24. Nf5 Rd7 25. Qa2 Nb8 26. c4 Qxb4 27. Ba3 1-0